Ley de Imprenta para la isla de Cuba. (Registro nro. 91225)

Detalles MARC
000 -LEADER
campo de control de longitud fija 00862nam a2200241 i 4500
001 - NÚMERO DE CONTROL
campo de control 91225
003 - IDENTIFICADOR DE NÚMERO DE CONTROL
campo de control ES-MaACL
005 - FECHA Y HORA DE LA ÚLTIMA TRANSACCIÓN
campo de control 20230906180653.0
007 - CAMPO FIJO DE DESCRIPCIÓN FÍSICA--INFORMACIÓN GENERAL
campo de control de longitud fija t|
008 - DATOS DE LONGITUD FIJA--INFORMACIÓN GENERAL
campo de control de longitud fija 160628s1881 sp ||||1| spa d
110 1# - ENTRADA PRINCIPAL--NOMBRE DE ENTIDAD CORPORATIVA
Nombre de entidad corporativa o nombre de jurisdicción como elemento de entrada Cuba (Capitanía General)
9 (RLIN) 160009
240 10 - TÍTULO UNIFORME
Título uniforme Ley de imprenta para la isla de Cuba, 1879
245 10 - MENCIÓN DEL TÍTULO
Título Ley de Imprenta para la isla de Cuba.
250 ## - MENCION DE EDICION
Mención de edición Ed. oficial.
260 ## - PUBLICACIÓN, DISTRIBUCIÓN, ETC.
Lugar de publicación, distribución, etc. [S.l. :
Nombre del editor, distribuidor, etc. s.n.],
Fecha de publicación, distribución, etc. 1881 (
Lugar de fabricación/manufactura Madrid :
Fabricante Imp. Nacional)
300 ## - DESCRIPCIÓN FÍSICA
Extensión 28 p. ;
Dimensiones 21 cm.
530 ## - NOTA DISPONIBLE DE FORMULARIO FÍSICO ADICIONAL
Nota de formato físico adicional disponible Disponible en formato digital.
650 #4 - PUNTO DE ACCESO ADICIONAL DE MATERIA--TÉRMINO DE MATERIA
Término de materia o nombre geográfico como elemento de entrada Prensa-
Subdivisión general Derecho-
Subdivisión geográfica Cuba.
9 (RLIN) 171792
650 #4 - PUNTO DE ACCESO ADICIONAL DE MATERIA--TÉRMINO DE MATERIA
Término de materia o nombre geográfico como elemento de entrada Imprenta-
Subdivisión general Derecho y legislación-
Subdivisión geográfica Cuba.
9 (RLIN) 171793
710 1# - ENTRADA AGREGADA--NOMBRE DE ENTIDAD CORPORATIVA
Nombre de entidad corporativa o nombre de jurisdicción como elemento de entrada España.
Título de la obra Ley de imprenta para la isla de Cuba, 1879.
9 (RLIN) 160011
852 ## - LOCALIZACIÓN
Ubicación ES-MaACL
Número de control de estantería T-419-F-7
856 ## - LOCALIZACIÓN Y ACCESO ELECTRÓNICOS
Identificador Uniforme de Recursos <a href="http://bdh-rd.bne.es/viewer.vm?id=0000114825&page=1 ">http://bdh-rd.bne.es/viewer.vm?id=0000114825&page=1 </a>
Nota pública Biblioteca Digital Hispánica
Existencias
Estatus retirado Estado de pérdida Estado de daño No para préstamo Colección Biblioteca de origen Biblioteca actual Ubicación en estantería Fecha de adquisición Fuente de adquisición Total de préstamos Signatura topográfica completa Código de barras Visto por última vez Precio de reemplazo Tipo de ítem Koha
        Colección de folletos Biblioteca del Ateneo de Madrid Biblioteca del Ateneo de Madrid Depósito folletos 28/06/2016     T-419-F-7 1195513 23/02/2023 23/02/2023 Folleto